{"text_format":"3","workbook":"xlsx","n_sheets":1,"sheets":["t198"],"read":"whole","date_system":"1900"}

{"sheet":"t198","index":0,"n_rows":193,"n_cols":7,"rows_kept":193,"merged":[[0,0,0,6],[30,0,30,5],[45,0,45,5],[154,0,154,5]]}
["TABELA 198.1 - Estatísticas Agrícolas, Município de Guaíra, Estado de São Paulo, 2007/08."]
["ITEM","UNIDADE","N.DE UPAs","MÍNIMO","MÉDIO","MÁXIMO","TOTAL"]
["Distância à sede do município","km",994,0.5,{"v":13.96,"d":"14.0"},{"v":45,"d":"45.0"},"-"]
["Área total","hectare",994,0.5,{"v":118.06,"d":"118.1"},{"v":2323.2,"d":"2,323.2"},{"v":117347.1,"d":"117,347.1"}]
["Área com cultura perene","hectare",19,0.4,{"v":18.01,"d":"18.0"},164.3,342.2]
["Área com cultura temporária","hectare",876,{"v":1,"d":"1.0"},{"v":108.64,"d":"108.6"},{"v":1839.2,"d":"1,839.2"},{"v":95169,"d":"95,169.0"}]
["Área com pastagem","hectare",342,0.3,24.2,610.9,{"v":8275.1,"d":"8,275.1"}]
["Área com reflorestamento","hectare",24,0.5,{"v":2.12,"d":"2.1"},{"v":7,"d":"7.0"},50.9]
["Área com vegetação natural","hectare",570,0.1,{"v":13.63,"d":"13.6"},{"v":476,"d":"476.0"},{"v":7771,"d":"7,771.0"}]
["Área com vegetação de brejo e várzea","hectare",204,0.2,{"v":11.14,"d":"11.1"},199.8,{"v":2271.9,"d":"2,271.9"}]
["Área em descanso","hectare",44,0.2,{"v":8.36,"d":"8.4"},49.8,{"v":368,"d":"368.0"}]
["Área complementar","hectare",688,0.1,4.5,121.7,{"v":3099,"d":"3,099.0"}]
["Área das UPAs com (0, 1] ha","hectare",7,0.5,{"v":0.71,"d":"0.7"},{"v":1,"d":"1.0"},{"v":5,"d":"5.0"}]
["Área das UPAs com (1, 2] ha","hectare",13,1.1,{"v":1.35,"d":"1.4"},{"v":2,"d":"2.0"},17.5]
["Área das UPAs com (2, 5] ha","hectare",72,2.2,3.4,{"v":5,"d":"5.0"},244.5]
["Área das UPAs com (5, 10] ha","hectare",65,5.2,{"v":7.98,"d":"8.0"},{"v":10,"d":"10.0"},{"v":519,"d":"519.0"}]
["Área das UPAs com (10, 20] ha","hectare",120,10.2,{"v":15.18,"d":"15.2"},{"v":20,"d":"20.0"},{"v":1821.5,"d":"1,821.5"}]
["Área das UPAs com (20, 50] ha","hectare",237,20.2,{"v":33.85,"d":"33.9"},49.9,{"v":8023.5,"d":"8,023.5"}]
["Área das UPAs com (50, 100] ha","hectare",185,50.1,{"v":72.89,"d":"72.9"},99.7,{"v":13485.4,"d":"13,485.4"}]
["Área das UPAs com (100, 200] ha","hectare",138,100.1,{"v":139.76,"d":"139.8"},197.1,{"v":19286.6,"d":"19,286.6"}]
["Área das UPAs com (200, 500] ha","hectare",110,200.8,{"v":310.23,"d":"310.2"},{"v":500,"d":"500.0"},{"v":34125.5,"d":"34,125.5"}]
["Área das UPAs com (500, 1.000] ha","hectare",38,501.5,694.7,987.1,{"v":26398.5,"d":"26,398.5"}]
["Área das UPAs com (1.000, 2.000] ha","hectare",6,{"v":1059.6,"d":"1,059.6"},{"v":1160.57,"d":"1,160.6"},{"v":1403.6,"d":"1,403.6"},{"v":6963.4,"d":"6,963.4"}]
["Área das UPAs com (2.000, 5.000] ha","hectare",3,{"v":2058.5,"d":"2,058.5"},{"v":2152.23,"d":"2,152.2"},{"v":2323.2,"d":"2,323.2"},{"v":6456.7,"d":"6,456.7"}]
["Área das UPAs com (5.000, 10.000] ha","hectare","-","-","-","-","-"]
["Área das UPAs acima de 10.000 ha","hectare","-","-","-","-","-"]
["Familiares do proprietário que trabalham na UPA","unidade",852,{"v":1,"d":"1.0"},{"v":1.43,"d":"1.4"},{"v":11,"d":"11.0"},{"v":1216,"d":"1,216.0"}]
["Trabalhadores permanentes","unidade",245,{"v":1,"d":"1.0"},{"v":18.28,"d":"18.3"},{"v":1400,"d":"1,400.0"},{"v":4479,"d":"4,479.0"}]
["Fonte: Secretaria de Agricultura e Abastecimento, CDRS/IEA, Projeto LUPA."]
[]
["TABELA 198.2 - Explorações Animais, Município de Guaíra, Estado de São Paulo, 2007/08."]
["ITEM","UNIDADE","N.DE UPAs","MÍNIMO","MÉDIO","MÁXIMO","TOTAL"]
["Asininos E Muares","cabeças",4,{"v":1,"d":"1.0"},2.5,{"v":4,"d":"4.0"},{"v":10,"d":"10.0"}]
["Avicultura de Corte","cabeças/ano",1,{"v":165000,"d":"165,000.0"},{"v":165000,"d":"165,000.0"},{"v":165000,"d":"165,000.0"},{"v":165000,"d":"165,000.0"}]
["Bovinocultura de Corte","cabeças",17,{"v":5,"d":"5.0"},{"v":117.65,"d":"117.7"},{"v":752,"d":"752.0"},{"v":2000,"d":"2,000.0"}]
["Bovinocultura Leiteira","cabeças",20,{"v":2,"d":"2.0"},42.1,{"v":227,"d":"227.0"},{"v":842,"d":"842.0"}]
["Bovinocultura Mista","cabeças",166,{"v":1,"d":"1.0"},57.3,{"v":1155,"d":"1,155.0"},{"v":9512,"d":"9,512.0"}]
["Caprinocultura","cabeças",3,{"v":2,"d":"2.0"},{"v":74,"d":"74.0"},{"v":200,"d":"200.0"},{"v":222,"d":"222.0"}]
["Codornicultura","cabeças",1,{"v":6,"d":"6.0"},{"v":6,"d":"6.0"},{"v":6,"d":"6.0"},{"v":6,"d":"6.0"}]
["Equinocultura","cabeças",71,{"v":1,"d":"1.0"},{"v":4.17,"d":"4.2"},{"v":70,"d":"70.0"},{"v":296,"d":"296.0"}]
["Ovinocultura","cabeças",8,{"v":1,"d":"1.0"},{"v":29,"d":"29.0"},{"v":150,"d":"150.0"},{"v":232,"d":"232.0"}]
["Piscicultura","m² tanques",3,{"v":145,"d":"145.0"},{"v":10381.67,"d":"10,381.7"},{"v":30000,"d":"30,000.0"},{"v":31145,"d":"31,145.0"}]
["Suinocultura","cabeças",6,{"v":5,"d":"5.0"},{"v":31.33,"d":"31.3"},{"v":100,"d":"100.0"},{"v":188,"d":"188.0"}]
["Fonte: Secretaria de Agricultura e Abastecimento, CDRS/IEA, Projeto LUPA."]
[]
["TABELA 198.3 -  Máquinas, Implementos e Benfeitorias, Município de Guaíra, Estado de São Paulo, 2007/08."]
["ITEM","UNIDADE","N.DE UPAs","MÍNIMO","MÉDIO","MÁXIMO","TOTAL"]
["Arado Comum (Bacia, Aiveca)","Unidade",125,{"v":1,"d":"1.0"},{"v":1.86,"d":"1.9"},{"v":19,"d":"19.0"},{"v":232,"d":"232.0"}]
["Arado Escarificador","Unidade",30,{"v":1,"d":"1.0"},{"v":1.23,"d":"1.2"},{"v":2,"d":"2.0"},{"v":37,"d":"37.0"}]
["Arado Subsolador","Unidade",85,{"v":1,"d":"1.0"},1.4,{"v":9,"d":"9.0"},{"v":119,"d":"119.0"}]
["Batedeira de Cereais","Unidade",17,{"v":1,"d":"1.0"},{"v":1.06,"d":"1.1"},{"v":2,"d":"2.0"},{"v":18,"d":"18.0"}]
["Câmara Fria","Unidade",3,{"v":1,"d":"1.0"},{"v":1,"d":"1.0"},{"v":1,"d":"1.0"},{"v":3,"d":"3.0"}]
["Carregadeira de Cana","Unidade",11,{"v":1,"d":"1.0"},{"v":13.09,"d":"13.1"},{"v":46,"d":"46.0"},{"v":144,"d":"144.0"}]
["Colhedeira Acoplada","Unidade",5,{"v":1,"d":"1.0"},1.4,{"v":2,"d":"2.0"},{"v":7,"d":"7.0"}]
["Colhedeira Automotriz","Unidade",83,{"v":1,"d":"1.0"},{"v":2.39,"d":"2.4"},{"v":30,"d":"30.0"},{"v":198,"d":"198.0"}]
["Computador","Unidade",3,{"v":10,"d":"10.0"},{"v":60,"d":"60.0"},{"v":100,"d":"100.0"},{"v":180,"d":"180.0"}]
["Conj.Irrigação Autopropelido","Unidade",9,{"v":1,"d":"1.0"},{"v":4.33,"d":"4.3"},{"v":13,"d":"13.0"},{"v":39,"d":"39.0"}]
["Conj.Irrigação Convencional","Unidade",4,{"v":1,"d":"1.0"},1.5,{"v":3,"d":"3.0"},{"v":6,"d":"6.0"}]
["Conj.Irrigação Pivot Central","Unidade",136,{"v":1,"d":"1.0"},{"v":1.73,"d":"1.7"},{"v":6,"d":"6.0"},{"v":235,"d":"235.0"}]
["Conj.Irrigação/Gotejamento/Microaspersão","Unidade",4,{"v":1,"d":"1.0"},{"v":1,"d":"1.0"},{"v":1,"d":"1.0"},{"v":4,"d":"4.0"}]
["Conjunto de Fenação","Unidade",2,{"v":1,"d":"1.0"},{"v":1,"d":"1.0"},{"v":1,"d":"1.0"},{"v":2,"d":"2.0"}]
["Desintegrador de Palha (Plantio Direto)","Unidade",8,{"v":1,"d":"1.0"},{"v":1.13,"d":"1.1"},{"v":2,"d":"2.0"},{"v":9,"d":"9.0"}]
["Desintegrador, Picador, Triturador","Unidade",154,{"v":1,"d":"1.0"},{"v":1.07,"d":"1.1"},{"v":3,"d":"3.0"},{"v":165,"d":"165.0"}]
["Distribuidor de Calcário","Unidade",92,{"v":1,"d":"1.0"},{"v":1.25,"d":"1.3"},{"v":7,"d":"7.0"},{"v":115,"d":"115.0"}]
["Ensiladeira","Unidade",51,{"v":1,"d":"1.0"},{"v":1.27,"d":"1.3"},{"v":6,"d":"6.0"},{"v":65,"d":"65.0"}]
["Grade Aradora (Tipo Romi)","Unidade",105,{"v":1,"d":"1.0"},{"v":2.28,"d":"2.3"},{"v":46,"d":"46.0"},{"v":239,"d":"239.0"}]
["Grade Niveladora","Unidade",138,{"v":1,"d":"1.0"},{"v":1.91,"d":"1.9"},{"v":31,"d":"31.0"},{"v":263,"d":"263.0"}]
["Microtrator","Unidade",4,{"v":1,"d":"1.0"},{"v":1.25,"d":"1.3"},{"v":2,"d":"2.0"},{"v":5,"d":"5.0"}]
["Misturador de Ração","Unidade",15,{"v":1,"d":"1.0"},{"v":1,"d":"1.0"},{"v":1,"d":"1.0"},{"v":15,"d":"15.0"}]
["Ordenhadeira Mecânica","Unidade",22,{"v":1,"d":"1.0"},{"v":1.18,"d":"1.2"},{"v":4,"d":"4.0"},{"v":26,"d":"26.0"}]
["Pulverizador Tratorizado","Unidade",163,{"v":1,"d":"1.0"},{"v":2.09,"d":"2.1"},{"v":29,"d":"29.0"},{"v":340,"d":"340.0"}]
["Resfriador de Leite, Tanque Expansão","Unidade",33,{"v":1,"d":"1.0"},{"v":1.12,"d":"1.1"},{"v":2,"d":"2.0"},{"v":37,"d":"37.0"}]
["Semeadeira/Adubadeira para Plantio Convencional","Unidade",99,{"v":1,"d":"1.0"},{"v":1.88,"d":"1.9"},{"v":12,"d":"12.0"},{"v":186,"d":"186.0"}]
["Semeadeira/Plantadeira Plantio Direto","Unidade",99,{"v":1,"d":"1.0"},2.3,{"v":20,"d":"20.0"},{"v":228,"d":"228.0"}]
["Terraceador","Unidade",39,{"v":1,"d":"1.0"},{"v":1.41,"d":"1.4"},{"v":10,"d":"10.0"},{"v":55,"d":"55.0"}]
["Trator de Esteiras","Unidade",5,{"v":1,"d":"1.0"},2.8,{"v":5,"d":"5.0"},{"v":14,"d":"14.0"}]
["Trator de Pneus","Unidade",221,{"v":1,"d":"1.0"},{"v":5.65,"d":"5.7"},{"v":173,"d":"173.0"},{"v":1248,"d":"1,248.0"}]
["Açude/Represa","Unidade",212,{"v":1,"d":"1.0"},{"v":1.33,"d":"1.3"},{"v":16,"d":"16.0"},{"v":281,"d":"281.0"}]
["Almoxarifado/Oficina","Unidade",42,{"v":1,"d":"1.0"},{"v":1.07,"d":"1.1"},{"v":2,"d":"2.0"},{"v":45,"d":"45.0"}]
["Armazém para Grãos Ensacados","Sacas",22,{"v":1,"d":"1.0"},{"v":109417.09,"d":"109,417.1"},{"v":2400000,"d":"2,400,000.0"},{"v":2407176,"d":"2,407,176.0"}]
["Balança para Bovinos","Unidade",4,{"v":1,"d":"1.0"},{"v":1,"d":"1.0"},{"v":1,"d":"1.0"},{"v":4,"d":"4.0"}]
["Balança para Veículos","Unidade",14,{"v":1,"d":"1.0"},1.5,{"v":6,"d":"6.0"},{"v":21,"d":"21.0"}]
["Barracão para Bicho da Seda/Sirgaria","Unidade",1,{"v":1,"d":"1.0"},{"v":1,"d":"1.0"},{"v":1,"d":"1.0"},{"v":1,"d":"1.0"}]
["Barracão para Granja/Avicultura","Unidade",7,{"v":1,"d":"1.0"},{"v":1.29,"d":"1.3"},{"v":2,"d":"2.0"},{"v":9,"d":"9.0"}]
["Barracão/Galpão/Garagem","Unidade",382,{"v":1,"d":"1.0"},{"v":1.27,"d":"1.3"},{"v":6,"d":"6.0"},{"v":487,"d":"487.0"}]
["Casa de Moradia Habitada","Unidade",434,{"v":1,"d":"1.0"},{"v":1.59,"d":"1.6"},{"v":27,"d":"27.0"},{"v":689,"d":"689.0"}]
["Casa de Moradia Total","Unidade",540,{"v":1,"d":"1.0"},{"v":2.08,"d":"2.1"},{"v":30,"d":"30.0"},{"v":1125,"d":"1,125.0"}]
["Curral/Mangueira","Unidade",266,{"v":1,"d":"1.0"},{"v":1.08,"d":"1.1"},{"v":9,"d":"9.0"},{"v":286,"d":"286.0"}]
["Depósito/Tulha","Unidade",82,{"v":1,"d":"1.0"},{"v":1.04,"d":"1.0"},{"v":2,"d":"2.0"},{"v":85,"d":"85.0"}]
["Engenho","Unidade",3,{"v":1,"d":"1.0"},{"v":1,"d":"1.0"},{"v":1,"d":"1.0"},{"v":3,"d":"3.0"}]
["Estábulo","Unidade",24,{"v":1,"d":"1.0"},{"v":1,"d":"1.0"},{"v":1,"d":"1.0"},{"v":24,"d":"24.0"}]
["Estufa/Plasticultura","m²",1,{"v":16,"d":"16.0"},{"v":16,"d":"16.0"},{"v":16,"d":"16.0"},{"v":16,"d":"16.0"}]
["Fábrica de Ração","Unidade",1,{"v":1,"d":"1.0"},{"v":1,"d":"1.0"},{"v":1,"d":"1.0"},{"v":1,"d":"1.0"}]
["Instalações para Equinos","Unidade",2,{"v":1,"d":"1.0"},{"v":1,"d":"1.0"},{"v":1,"d":"1.0"},{"v":2,"d":"2.0"}]
["Máquina de Benefício","Unidade",5,{"v":1,"d":"1.0"},{"v":1,"d":"1.0"},{"v":1,"d":"1.0"},{"v":5,"d":"5.0"}]
["Pocilga","Unidade",15,{"v":1,"d":"1.0"},{"v":1.13,"d":"1.1"},{"v":3,"d":"3.0"},{"v":17,"d":"17.0"}]
["Poço Semi-Artesiano","Unidade",78,{"v":1,"d":"1.0"},{"v":1.22,"d":"1.2"},{"v":4,"d":"4.0"},{"v":95,"d":"95.0"}]
["Posto Meteorológico","Unidade",2,{"v":1,"d":"1.0"},{"v":1,"d":"1.0"},{"v":1,"d":"1.0"},{"v":2,"d":"2.0"}]
["Secador de Grãos","Unidade",9,{"v":1,"d":"1.0"},{"v":1.56,"d":"1.6"},{"v":4,"d":"4.0"},{"v":14,"d":"14.0"}]
["Silo para Grãos","t",11,{"v":1,"d":"1.0"},{"v":58.18,"d":"58.2"},{"v":420,"d":"420.0"},{"v":640,"d":"640.0"}]
["Silo para Silagem","t",53,{"v":1,"d":"1.0"},{"v":100.08,"d":"100.1"},{"v":800,"d":"800.0"},{"v":5304,"d":"5,304.0"}]
["Terreiro","m²",2,{"v":1,"d":"1.0"},250.5,{"v":500,"d":"500.0"},{"v":501,"d":"501.0"}]
["Usina de Açúcar/destilaria","Unidade",3,{"v":1,"d":"1.0"},{"v":1,"d":"1.0"},{"v":1,"d":"1.0"},{"v":3,"d":"3.0"}]
["Fonte: Secretaria de Agricultura e Abastecimento, CDRS/IEA, Projeto LUPA."]
[]
["TABELA 198.4 - Outras Estatísticas Agrícolas, Município de Guaíra, Estado de São Paulo, 2007/08."]
["ITEM","Número de UPAs",null,"Percentual"]
["Faz Parte de Associação de Produtores",73,null,{"v":7.344064386317908,"d":"7.3"}]
["Faz Parte de Cooperativa de Produtores",494,null,{"v":49.69818913480885,"d":"49.7"}]
["Faz Parte do Sindicato de Produtores",495,null,{"v":49.798792756539235,"d":"49.8"}]
["Não utiliza assistência técnica ",238,null,{"v":23.943661971830984,"d":"23.9"}]
["Utiliza somente assistência técnica governamental ",563,null,{"v":56.63983903420523,"d":"56.6"}]
["Utiliza somente assistência técnica privada ",77,null,{"v":7.746478873239437,"d":"7.7"}]
["Utiliza assistência técnica tanto governamental quanto privada",116,null,{"v":11.670020120724347,"d":"11.7"}]
["Utiliza Crédito Rural",299,null,{"v":30.080482897384307,"d":"30.1"}]
["Utiliza Seguro Rural",12,null,{"v":1.2072434607645877,"d":"1.2"}]
["Utiliza Escrituração Agrícola",705,null,{"v":70.92555331991952,"d":"70.9"}]
["Acessa Internet p/ Fins na Agropecuária",49,null,{"v":4.929577464788733,"d":"4.9"}]
["Utiliza Computador nas Atividades Agropecuárias",82,null,{"v":8.249496981891348,"d":"8.2"}]
["Utiliza Energia Elétrica Para Uso na Atividade Agrícola",642,null,{"v":64.58752515090544,"d":"64.6"}]
["Realiza Análise de Solo, quando necessário",796,null,{"v":80.0804828973843,"d":"80.1"}]
["Utiliza Práticas de Conservação de Solo, quando necessário",908,null,{"v":91.34808853118712,"d":"91.3"}]
["Faz Adubação Mineral, quando necessário",871,null,{"v":87.62575452716297,"d":"87.6"}]
["Faz Adubação Orgânica, quando necessário",36,null,{"v":3.6217303822937623,"d":"3.6"}]
["Faz Adubação Verde, quando necessário",8,null,{"v":0.8048289738430584,"d":"0.8"}]
["Utiliza Manejo Integrado de Pragas (MIP)",1,null,{"v":0.1006036217303823,"d":"0.1"}]
["Utiliza Hidroponia","-",null,"-"]
["Utiliza Plasticultura",2,null,{"v":0.2012072434607646,"d":"0.2"}]
["Utiliza Mudas Fiscalizadas",89,null,{"v":8.953722334004024,"d":"9.0"}]
["Utiliza Semente Melhorada",610,null,{"v":61.3682092555332,"d":"61.4"}]
["Faz Confinamento de Bovinos",12,null,{"v":1.2072434607645877,"d":"1.2"}]
["Utiliza Pastejo Intensivo",6,null,{"v":0.6036217303822938,"d":"0.6"}]
["Faz Inseminação Artificial",9,null,{"v":0.9054325955734406,"d":"0.9"}]
["Faz Mineralização do Rebanho",170,null,{"v":17.10261569416499,"d":"17.1"}]
["Faz Vermifugação do Rebanho",170,null,{"v":17.10261569416499,"d":"17.1"}]
["Possui Parceiros /Arrendatários na Exploração Animal",45,null,{"v":4.527162977867203,"d":"4.5"}]
["Esporte e lazer",1,null,{"v":0.1006036217303823,"d":"0.1"}]
["Extração mineral","-",null,"-"]
["Hotel Fazenda, Pousada ou SPA","-",null,"-"]
["Pesque-pague",1,null,{"v":0.1006036217303823,"d":"0.1"}]
["Restaurante ou Lanchonete","-",null,"-"]
["Transformação artesanal","-",null,"-"]
["Turismo rural ou ecoturismo","-",null,"-"]
["Outras atividades econômicas rurais","-",null,"-"]
["Agroindústria",2,null,{"v":0.2012072434607646,"d":"0.2"}]
["Proprietário sem instrução ou com instrução incompleta",54,null,{"v":5.432595573440644,"d":"5.4"}]
["Proprietário com antigo primário completo",265,null,{"v":26.659959758551306,"d":"26.7"}]
["Proprietário com 1° grau (ou antigo ginasial) completo",152,null,{"v":15.291750503018108,"d":"15.3"}]
["Proprietário com 2° grau (ou antigo colegial) completo",154,null,{"v":15.492957746478874,"d":"15.5"}]
["Proprietário com curso superior completo ",315,null,{"v":31.690140845070424,"d":"31.7"}]
["Pessoa Jurídica",54,null,{"v":5.432595573440644,"d":"5.4"}]
["Proprietário residente na própria UPA ",62,null,{"v":6.237424547283703,"d":"6.2"}]
["Fonte: Secretaria de Agricultura e Abastecimento, CDRS/IEA, Projeto LUPA."]
[]
["TABELA 198.5 - Área Cultivada, Município de Guaíra, Estado de São Paulo, 2007/08."]
["CULTURA","N.DE UPAs","MÍNIMO","MÉDIO","MÁXIMO","TOTAL"]
["Cana-de-acucar",407,{"v":1,"d":"1.0"},{"v":154.65,"d":"154.7"},{"v":1839.2,"d":"1,839.2"},{"v":62941.3,"d":"62,941.3"}]
["Soja",495,1.2,{"v":58.79,"d":"58.8"},906.1,{"v":29100.2,"d":"29,100.2"}]
["Milho Safrinha",314,0.7,{"v":45.32,"d":"45.3"},850.6,{"v":14230.5,"d":"14,230.5"}]
["Milho",133,{"v":1,"d":"1.0"},{"v":64.91,"d":"64.9"},290.4,{"v":8633.4,"d":"8,633.4"}]
["Braquiaria",322,0.3,{"v":21.77,"d":"21.8"},610.9,{"v":7010.4,"d":"7,010.4"}]
["Sorgo",124,1.8,{"v":46.31,"d":"46.3"},{"v":538,"d":"538.0"},{"v":5742.1,"d":"5,742.1"}]
["Feijao",76,{"v":3,"d":"3.0"},{"v":58,"d":"58.0"},290.4,{"v":4407.9,"d":"4,407.9"}]
["Coloniao",57,0.3,{"v":12,"d":"12.0"},61.8,{"v":684,"d":"684.0"}]
["Gramas",12,{"v":1,"d":"1.0"},{"v":48.06,"d":"48.1"},{"v":340,"d":"340.0"},576.7]
["Seringueira",11,{"v":4,"d":"4.0"},{"v":28.92,"d":"28.9"},164.3,318.1]
["Milho-doce",2,{"v":56,"d":"56.0"},{"v":149,"d":"149.0"},{"v":242,"d":"242.0"},{"v":298,"d":"298.0"}]
["Tomate rasteiro",8,7.2,{"v":21.71,"d":"21.7"},36.3,173.7]
["Milho-silagem",4,{"v":2,"d":"2.0"},{"v":26.95,"d":"27.0"},82.9,107.8]
["Pimentao",6,1.7,{"v":7.45,"d":"7.5"},18.1,44.7]
["Eucalipto",19,0.5,2.2,{"v":7,"d":"7.0"},41.8]
["Girassol",1,{"v":29,"d":"29.0"},{"v":29,"d":"29.0"},{"v":29,"d":"29.0"},{"v":29,"d":"29.0"}]
["Abacate",2,3.1,{"v":5.15,"d":"5.2"},7.2,10.3]
["Outras florestais",5,{"v":1,"d":"1.0"},{"v":1.82,"d":"1.8"},{"v":3,"d":"3.0"},9.1]
["Quiabo",4,0.6,{"v":1.65,"d":"1.7"},{"v":4,"d":"4.0"},6.6]
["Trigo",1,6.3,6.3,6.3,6.3]
["Abobora (ou jerimum)",4,0.6,1.4,2.4,5.6]
["Limao",2,1.8,2.7,3.6,5.4]
["Viveiro de citros",1,4.5,4.5,4.5,4.5]
["Capim-napier (ou capim-elefante)",1,{"v":4,"d":"4.0"},{"v":4,"d":"4.0"},{"v":4,"d":"4.0"},{"v":4,"d":"4.0"}]
["Pepino",2,{"v":1,"d":"1.0"},1.7,2.4,3.4]
["Horta domestica",1,{"v":3,"d":"3.0"},{"v":3,"d":"3.0"},{"v":3,"d":"3.0"},{"v":3,"d":"3.0"}]
["Outras olericolas",2,{"v":1,"d":"1.0"},1.2,1.4,2.4]
["Jilo",2,0.3,{"v":1.15,"d":"1.2"},{"v":2,"d":"2.0"},2.3]
["Tangerina",1,1.8,1.8,1.8,1.8]
["Coco-da-baia",1,1.2,1.2,1.2,1.2]
["Amendoim",1,1.2,1.2,1.2,1.2]
["Cogumelo",1,1.1,1.1,1.1,1.1]
["Pomar domestico",1,0.5,0.5,0.5,0.5]
["Cafe",1,0.4,0.4,0.4,0.4]
["Alface",1,0.4,0.4,0.4,0.4]
["Berinjela",1,0.3,0.3,0.3,0.3]
["Fonte: Secretaria de Agricultura e Abastecimento, CDRS/IEA, Projeto LUPA."]